| 000 | 02335cam a22003737a 4500 | ||
|---|---|---|---|
| 999 |
_c24537 _d24537 |
||
| 001 | 15188116 | ||
| 003 | OSt | ||
| 005 | 20170128154654.0 | ||
| 008 | 080221s2008 njuab b 001 0 eng | ||
| 010 | _a 2008297210 | ||
| 020 | _a0470119268 (pbk.) | ||
| 020 | _a9780470119266 | ||
| 035 | _a(OCoLC)ocn190861944 | ||
| 040 |
_aZQP _cZQP _dBAKER _dCUS _dDLC |
||
| 042 | _alccopycat | ||
| 050 | 0 | 0 |
_aGE70 _b.R38 2008 |
| 082 | 0 | 4 |
_a363.7 _222 |
| 100 | 1 | _aRaven, Peter H. | |
| 245 | 1 | 0 |
_aEnvironment / _cPeter H. Raven, Linda R. Berg, David M. Hassenzahl. |
| 250 | _a6th ed. | ||
| 260 |
_aHoboken, NJ : _bWiley, _cc2008. |
||
| 300 |
_a1 v. (various pagings) : _bill. (some col.), col. maps ; _c28 cm. |
||
| 500 | _a"2006 world population data sheet" (1 folded leaf) in pocket. | ||
| 504 | _aIncludes bibliographical references and index. | ||
| 505 | 0 | _aIntroducing environmental science and sustainability -- Environmental laws, economics, and ethics -- Ecosystems and energy -- Ecosystems and living organisms -- Ecosystems and the physical environment -- Major ecosystems of the world -- Human health and environmental toxicology -- Population change -- Addressing population issues -- The urban world -- Fossil fuels -- Nuclear energy -- Renewable energy and conservation -- Water: a limited resource -- Soil resources -- Minerals: a nonrenewable resource -- Preserving Earth's biological diversity -- Land resources -- Food resources: a challenge for agriculture -- Air pollution -- Global climate change-- Water pollution -- The pesticide dilemma -- Solid and hazardous wastes -- Tomorrow's world -- Appendices: review of basic chemistry -- Graphing -- Units of measure: some useful conversions -- Abbreviations, formulas, and acronyms used in this text -- Glossary. | |
| 650 | 0 | _aEnvironmental education. | |
| 650 | 0 | _aEnvironmental policy. | |
| 650 | 0 | _aConservation of natural resources. | |
| 700 | 1 | _aBerg, Linda R. | |
| 700 | 1 | _aHassenzahl, David M. | |
| 856 | 4 | 2 |
_3Publisher description _uhttp://www.loc.gov/catdir/enhancements/fy0814/2008297210-d.html |
| 856 | 4 | 1 |
_3Table of contents only _uhttp://www.loc.gov/catdir/enhancements/fy0814/2008297210-t.html |
| 906 |
_a7 _bcbc _ccopycat _d3 _encip _f20 _gy-gencatlg |
||
| 942 |
_2lcc _cBOOKS _hGE 70 .R38 2008 |
||